[Event "Ch Niedersachsen (seniors)"]
[Site "masterchessopen.com Sottrum (Germany)"]
[Date "2007.03.23"]
[Round "2"]
[White "Dan Efim (GER)"]
[Black "Warneke Claus (GER)"]
[Result "1-0"]
[WhiteElo "2116"]
[BlackElo "1962"]

1.c4 Nf6 2.Nc3 e6 3.Nf3 d5 4.d4 c6 5.e3 Nbd7 6.Bd3 dxc4 7.Bxc4 b5 8.Bd3 Bb7
9.O-O Bd6 10.Qe2 O-O 11.e4 Bc7 12.e5 Ne8 13.Bxh7+ Kxh7 14.Ng5+ Kg8 15.Qd3 g6
16.Qh3 Nef6 17.Nce4 Kg7 18.exf6+ Nxf6 19.Nxf6 Rh8 20.Ngh7 Rxh7 21.Nxh7 Qxd4
22.Be3 Qxb2 23.Qh6+ Kg8 24.Rfd1 Be5 25.Ng5 Bg7 26.Qh7+ Kf8 27.Bc5+ {#r} 1-0

[Event "Tournament (Elo)"]
[Site "masterchessopen.com Moscow (Russia)"]
[Round "0"]
[White "Jakovlev Oleg (RUS)"]
[Black "Pokhlebin Sergej (RUS)"]
[Result "1-0"]
[WhiteElo "2127"]
[BlackElo "2008"]

1.d4 d5 2.c4 e6 3.Nf3 Nf6 4.e3 c6 5.Nc3 Nbd7 6.Bd3 dxc4 7.Bxc4 b5 8.Bd3 Bb7
9.a3 a5 10.O-O b4 11.Na4 c5 12.dxc5 Nxc5 13.Bb5+ Ncd7 14.Qd3 Qc7 15.Rd1 Rd8
16.Bd2 Be4 17.Qd4 Qb7 18.Qc4 Bd6 19.Be1 Bd5 20.Qe2 Ke7 21.axb4 axb4 22.Rdc1 g5
23.Nd4 Rdg8 24.Ba6 Qa8 25.b3 Bxg2 26.Nb2 Qd5 {#r} 1-0

[Event "Tournament (Elo) (b)"]
[Site "masterchessopen.com Budapest (Hungary)"]
[Date "2007.05.05"]
[Round "1"]
[White "Henrichsen Jens (DEN)"]
[Black "Kutasi Kristof (HUN)"]
[Result "1-0"]
[WhiteElo "1992"]
[BlackElo "1906"]

1.d4 d5 2.c4 c6 3.Nf3 Nf6 4.Nc3 e6 5.e3 Nbd7 6.Bd3 dxc4 7.Bxc4 b5 8.Bd3 Bb7
9.O-O b4 10.Ne4 c5 11.Nxf6+ Qxf6 12.Ne5 Bd6 13.Nxd7 Bxh2+ 14.Kxh2 Qh4+ 15.Kg1
Bxg2 16.Kxg2 Qg5+ 17.Kh3 Qh6+ 18.Kg3 f5 19.Qf3 Kxd7 20.Bb5+ Ke7 21.Rh1 Qg6+
22.Kh2 h5 23.Rg1 Qf6 24.Qb7+ Kd6 25.Qd7# 1-0

[Event "Tournament"]
[Site "masterchessopen.com Cheliabinsk (Russia)"]
[Date "2007.05.11"]
[Round "8"]
[White "Arkhipenko Daniil (RUS)"]
[Black "Barkov Alexey (RUS)"]
[Result "1-0"]
[WhiteElo "2136"]
[BlackElo "2027"]

1.d4 d5 2.c4 e6 3.Nc3 c6 4.e3 Nf6 5.Nf3 Nbd7 6.Bd3 dxc4 7.Bxc4 b5 8.Bd3 Bb7
9.O-O a6 10.e4 c5 11.e5 Nd5 12.Ng5 cxd4 13.Nxe6 Qb6 14.Nxf8 Nxf8 15.Ne4 O-O-O
16.Nd6+ Rxd6 17.exd6 Ne6 18.d7+ Kxd7 19.Re1 g6 20.Bd2 {#r} 1-0

[Event "Tournament"]
[Site "masterchessopen.com Donostia (Spain)"]
[Date "2007.05.19"]
[Round "3"]
[White "Juez Villar Erik (ESP)"]
[Black "Hernandez Elvis (DOM)"]
[Result "0-1"]
[WhiteElo "1912"]
[BlackElo "2322"]

1.d4 d5 2.c4 c6 3.Nf3 Nf6 4.Nc3 Nbd7 5.e3 e6 6.Bd3 dxc4 7.Bxc4 b5 8.Bd3 Bb7
9.O-O Be7 10.e4 b4 11.Na4 Rc8 12.Re1 O-O 13.Bg5 c5 14.Nxc5 Nxc5 15.dxc5 Rxc5
16.Qe2 Rc8 17.Rad1 Qc7 18.Nd4 Rfd8 19.Nb5 Qe5 20.Be3 a6 21.f4 Qb8 22.e5 Nd5
23.Nd6 Nxe3 24.Qxe3 Bxd6 25.exd6 Rxd6 {#R} 0-1

[Event "Ch City"]
[Site "masterchessopen.com Belgorod (Russia)"]
[Date "2007.05.21"]
[Round "2"]
[White "Kharlamov Anton (RUS)"]
[Black "Borges Da Silva Rodrigo (BRA)"]
[Result "1-0"]
[WhiteElo "2107"]
[BlackElo "2278"]

1.d4 d5 2.c4 c6 3.Nc3 Nf6 4.e3 e6 5.Nf3 Nbd7 6.Bd3 dxc4 7.Bxc4 b5 8.Bd3 Bd6
9.e4 e5 10.Bg5 O-O 11.O-O Bb7 12.dxe5 Nxe5 13.Nxe5 Bxe5 14.f4 Bd4+ 15.Kh1 Qd7
16.Bxf6 gxf6 17.Qh5 Bxc3 18.Rf3 f5 19.e5 f6 20.Bxf5 Qf7 21.Qg4+ Kh8 22.Bxh7
Qg7 23.Bg6 Bxb2 24.Rd1 Bc8 25.Rh3+ Kg8 26.Bh7+ Kh8 27.Bc2+ {#r} 1-0

[Event "It (open)"]
[Site "masterchessopen.com Santos (Brazil)"]
[Date "2007.05.25"]
[Round "2"]
[White "Rodrigo Edson (BRA)"]
[Black "Salles Sergio (BRA)"]
[Result "1-0"]
[WhiteElo "1962"]
[BlackElo "1772"]

1.d4 d5 2.c4 c6 3.Nc3 Nf6 4.e3 e6 5.Nf3 Nbd7 6.Bd3 dxc4 7.Bxc4 b5 8.Bd3 Bb7
9.e4 a6 10.O-O Be7 11.Qe2 O-O 12.e5 Nd5 13.Qe4 f5 14.exf6 N7xf6 15.Qxe6+ Kh8
16.Ne5 Qe8 17.Bg5 h6 18.Ng6+ {#r} 1-0

[Event "It (open)"]
[Site "masterchessopen.com Maastricht (Netherlands)"]
[Date "2007.05.26"]
[Round "3"]
[White "Dambacher Martijn (NED)"]
[Black "L'Ami Erwin (NED)"]
[Result "1-0"]
[WhiteElo "2463"]
[BlackElo "2577"]

{ Dambacher Martijn (NED) +0 =1 -0 L'ami Erwin (NED) +0 =1 -0 } 1.d4 d5 2.c4
c6 3.Nc3 Nf6 4.e3 e6 5.Nf3 Nbd7 6.Bd3 dxc4 7.Bxc4 b5 8.Bd3 Bb7 9.O-O a6 10.e4
c5 { = } 11.e5 ( 11.d5 Qc7 12.Bc2 c4 13.Nd4 e5 14.Nf5 g6 15.Ne3 Bc5 16.Qf3 O-O
17.Bd2 Ne8 18.Ne2 Nd6 19.Rfc1 Rac8 20.a4 b4 21.a5 Qd8 22.Ra4 Ba8 23.Bxb4 Bxb4
24.Rxb4 Qxa5 25.Ra4 Qb6 26.Rb1 Bb7 27.h4 Qd8 28.Qg3 Nc5 29.Nc3 Nxa4 30.Bxa4 f6
{ ...1/2-1/2, Anand Viswanathan 2788 - Van Wely Loek 2648 , Monaco 29. 3.2005
It "Melody Amber" (active) } ) 11...Nd5 ( 11...Bxf3 12.Qxf3 cxd4 13.exf6 dxc3
14.Be4 Ra7 15.Be3 Rc7 16.Bf4 e5 17.fxg7 Bxg7 18.Qg3 exf4 19.Qxg7 Qf6 20.Qxf6
Nxf6 21.Rfe1 cxb2 22.Rad1 O-O { 0-1, Jankovec Ivan 2190 - Kantorik Marian 2326
, Karvina 7.2005 It (open) } ) ( 11...Ng4 12.Bf4 cxd4 13.Ne4 Qb8 14.h3 Ngf6
15.Qe2 Nxe4 16.Bxe4 Nc5 17.Bxb7 Qxb7 18.Nxd4 Be7 19.Rac1 O-O 20.Rfd1 Rfc8
21.Be3 Qe4 22.Nf3 Na4 23.Rxc8+ Rxc8 24.Qd2 h6 25.Re1 Bb4 26.Qd7 Qc6 27.Rd1
Qxd7 28.Rxd7 Nxb2 29.Ra7 a5 30.Nd4 Nc4 31.Bf4 { ...0-1, Issakainen Ari 2252 -
Rantanen Yrjo A 2358 , Helsinki 1999 Tournament } ) 12.a4 ( 12.Ng5 Nxc3
13.bxc3 Be7 14.f4 Bxg5 15.fxg5 Nb6 16.Rf2 Na4 17.Qh5 g6 18.Qh6 Qd5 19.Bd2
O-O-O 20.Bf1 Rd7 21.Rc1 Kb8 22.Be3 Nxc3 23.Rxc3 cxd4 24.Bxd4 Qxd4 25.Rd3 Qxd3
26.Bxd3 Rxd3 27.h4 Rc8 28.Qxh7 Bd5 29.Qxf7 Rd1+ 30.Kh2 Rd4 31.Qh7 b4 { ...1-0,
Kozul Zdenko 2595 - Gurevich Dmitry 2575 , Biel 1993 Izt } ) ( 12.Qe2 cxd4
13.Nxd5 Bxd5 14.a4 Bc5 15.axb5 axb5 16.Rxa8 Bxa8 17.Ng5 Be7 18.Nf3 O-O 19.Bxb5
Bxf3 20.gxf3 Qc7 21.f4 Rd8 22.Bd2 Nf8 23.Bd3 Rb8 24.Rb1 Bb4 25.Rc1 Qa5 26.Bxb4
Rxb4 27.Rc8 g6 28.Qc2 Qb6 29.Rc6 Qb7 30.Qc5 Ra4 31.Rc8 Ra1+ { ...1-0, Portisch
Ferenc 2400 - Simon Ralf-Axel 2217 , St. Ingbert 1988 It (open) } ) 12...c4 (
12...b4 13.Bg5 Nxc3 14.bxc3 Be7 15.Bxe7 Qxe7 16.cxb4 cxb4 17.Nd2 O-O 18.a5
Rfd8 19.Nc4 Nb8 20.Nd6 Bd5 21.Qb1 Qh4 22.g3 Qxd4 23.Bxh7+ Kf8 24.Rd1 Qxe5
25.Nb7 Nc6 26.Nxd8 Rxd8 27.Re1 Qc3 28.Be4 Nd4 29.Bxd5 Rxd5 30.Re3 Qc4 31.Qh7
b3 32.Qh8+ { ...0-1, Antic Dejan 2495 - Milov Vadim 2640 , Biel 1998 It (open)
} ) ( 12...bxa4 13.Nxd5 Bxd5 14.Qe2 cxd4 15.Nxd4 Bc5 16.Nf3 Qb6 17.Be4 Qb7
18.Bxd5 Qxd5 19.Rd1 Qb7 20.Ng5 Be7 21.Qh5 g6 22.Qh6 Bf8 23.Qh3 Rc8 24.Be3 Be7
25.Qh6 Bf8 26.Qh4 Be7 27.Qd4 Nc5 28.Qf4 O-O 29.Rxa4 Nxa4 30.Ne4 Rc1 31.Bxc1
Rd8 32.Nd6 { ...1-0, Sriram Jha 2401 - Neelotpal Das 2341 , New Delhi 2001 Ch
India } ) ( 12...cxd4 13.Nxd5 Bxd5 14.axb5 a5 15.Re1 Bb4 16.Bd2 Nc5 17.Bxb4
axb4 18.Rc1 Qb6 19.Nxd4 O-O 20.Nc6 Bxc6 21.bxc6 Rfd8 22.Bxh7+ Kxh7 23.Qc2+ Nd3
24.c7 b3 25.cxd8=Q Rxd8 26.Qe2 Nxe1 27.Qxe1 Qd4 28.Rc3 Rd5 29.Rxb3 Rxe5
30.Qb1+ g6 31.g3 Re2 32.Rf3 { ...1-0, Flear Glenn C 2480 - Boudre Jean-Pierre
2360 , France 2000 It (open) } ) 13.Bc2 { +0.04 CAP } ( 13.Bb1 Be7 14.Nd2 N7b6
15.Qg4 Kf8 16.axb5 Nxc3 17.bxc3 axb5 18.Rxa8 Qxa8 19.Ne4 h5 20.Qf3 g6 21.Re1
Kg7 22.Bd2 Qa3 23.Qg3 Bxe4 24.Bxe4 Rd8 25.Qe3 Kg8 26.Qg3 Kg7 27.h3 Nd5 28.Rb1
b4 29.cxb4 Qxg3 30.fxg3 c3 31.Bxd5 cxd2 32.Bf3 Rc8 { ...0-1, Graf Alexander
2632 - Oll Lembit 2600 , Moscow 1992 Memorial A.Alekhine (open) } ) 13...Be7 {
N } ( 13...b4 14.Nxd5 Bxd5 15.Ng5 Be7 16.Qh5 g6 17.Qh6 Bf8 18.Qh3 a5 19.Ne4
Qb6 20.Bg5 h6 21.Nf6+ Nxf6 22.Bxf6 Rg8 23.b3 Rc8 24.bxc4 Bxc4 25.Rfc1 Rb8
26.Be4 Qa6 27.Qf3 Kd7 28.d5 Bc5 29.dxe6+ fxe6 30.Qd1+ Ke8 31.Qg4 Be2 32.Bxg6+
Kf8 33.Qe4 { ...1-0, Chabanon Jean-Luc 2410 - Boudre Jean-Pierre 2334 , Cannes
1992 It (open) } ) 14.Nd2 Nxc3 15.bxc3 Nb6 16.Qg4 g6 17.Ne4 h5 18.Qh3 Kf8
19.Ba3 Kg7 20.Bxe7 Qxe7 21.Nd6 Bc6 22.f4 Raf8 { ? } ( { ? } 22...Rhd8 23.f5
exf5 24.Qg3 Rxd6 25.exd6 h4 26.Qf4 Qf6 27.axb5 Bxb5 28.Qe5 Rd8 29.Rf4 { } )
23.axb5 axb5 24.Ra6 Qc7 25.f5 exf5 26.Nxf5+ Kg8 27.Qg3 { } {#r} 1-0

[Event "Tournament"]
[Site "masterchessopen.com Guimaraes (Portugal)"]
[Date "2007.06.05"]
[Round "5"]
[White "Teixeira Jose (GER)"]
[Black "Neves Tiago"]
[Result "1-0"]
[WhiteElo "1868"]
[BlackElo "1645"]

1.Nf3 Nf6 2.d4 d5 3.c4 e6 4.Nc3 c6 5.e3 Nbd7 6.Bd3 dxc4 7.Bxc4 b5 8.Bd3 Bb7
9.O-O b4 10.Ne4 c5 11.Nxf6+ Nxf6 12.Qa4+ Qd7 13.Bb5 Bc6 14.Bxc6 {#r} 1-0

[Event "It (cat.4)"]
[Site "masterchessopen.com Novosibirsk (Russia)"]
[Date "2007.07.26"]
[Round "8"]
[White "Aketaeva Dana (KAZ)"]
[Black "Karpov Alexander (UZB)"]
[Result "0-1"]
[WhiteElo "2248"]
[BlackElo "2330"]

1.Nf3 d5 2.d4 e6 3.e3 Nf6 4.c4 Nbd7 5.Nc3 c6 6.Bd3 dxc4 7.Bxc4 b5 8.Bb3 Bb7
9.e4 b4 10.e5 bxc3 11.exf6 cxb2 12.fxg7 bxa1=Q 13.gxh8=Q Ba6 14.Bd2 Qxd1+
15.Kxd1 Bd3 16.Re1 Qe7 17.Bg5 Qd6 18.Qg8 Bf5 19.Ke2 a5 20.Kf1 a4 21.Bc4 Rb8
22.Nd2 Qxh2 23.f3 Qg3 24.Re2 Nf6 25.Bxe6 Nxg8 26.Bxf5+ Be7 {#R} 0-1

[Event "It (open)"]
[Site "masterchessopen.com Tibor (Czech Republic)"]
[Date "2007.07.30"]
[Round "2"]
[White "Kukacka Ladislav (CZE)"]
[Black "Vavrousek Petr (CZE)"]
[Result "0-1"]
[WhiteElo "1813"]
[BlackElo "1892"]

1.d4 d5 2.c4 c6 3.Nf3 Nf6 4.Nc3 e6 5.e3 Nbd7 6.Bd3 dxc4 7.Bxc4 b5 8.Bd3 Bb7
9.a3 a6 10.b4 a5 11.bxa5 Rxa5 12.O-O Qa8 13.Qb3 b4 14.Rb1 c5 15.axb4 cxb4
16.Ne1 Bd6 17.f3 Qb8 18.g3 Bxg3 19.hxg3 Qxg3+ 20.Ng2 Ng4 {#R} 0-1

[Event "It (open) \"]
[Site "masterchessopen.com Tromsoe (Norway)"]
[Date "2007.08.05"]
[Round "2"]
[White "Selnes Odd Ketil (NOR)"]
[Black "Remman Frank (NOR)"]
[Result "0-1"]
[WhiteElo "1818"]
[BlackElo "1914"]

1.Nf3 Nf6 2.d4 e6 3.c4 d5 4.Nc3 c6 5.e3 Nbd7 6.Bd3 dxc4 7.Bxc4 b5 8.Bd3 Bb7
9.O-O a6 10.Qe2 Be7 11.e4 c5 12.Bg5 cxd4 13.Nxd4 b4 14.Na4 Qa5 15.Nf5 exf5
16.exf5 Kf8 17.Rfe1 Re8 18.b3 h6 19.Bh4 Kg8 20.Rac1 Kh7 21.Qd2 Qd5 22.f3 Ne5
23.Rc7 Bd6 24.Nb6 Bc5+ 25.Bf2 Qxd3 26.Qxd3 Nxd3 27.Rxe8 Rxe8 {#R} 0-1

[Event "Bayern Regionalliga Southwest 2007/08"]
[Site "masterchessopen.com Bayern (Germany)"]
[Date "2007.10.21"]
[Round "1"]
[White "Beckers Thomas (GER)"]
[Black "Osthoff Michael (GER)"]
[Result "1-0"]
[WhiteElo "2050"]
[BlackElo "2100"]

1.d4 d5 2.Nf3 Nf6 3.c4 e6 4.Nc3 c6 5.e3 Nbd7 6.Bd3 dxc4 7.Bxc4 b5 8.Bd3 Bb7
9.O-O Qc7 10.e4 b4 11.e5 bxc3 12.exf6 cxb2 13.fxg7 bxa1=Q 14.gxh8=Q c5 15.Qe2
Qc3 16.Bd2 Qa3 17.Bg5 cxd4 18.Nxd4 Qad6 19.Qxh7 Qd5 20.Qxf7+ Kxf7 21.Qh5+ {#r}
1-0

[Event "Tournament (b)"]
[Site "masterchessopen.com Montigny le Bretonneux (France)"]
[Date "2007.11.04"]
[Round "9"]
[White "Criton Roland (FRA)"]
[Black "Mabelly Rudy (FRA)"]
[Result "1-0"]
[WhiteElo "1946"]
[BlackElo "1789"]

1.d4 d5 2.Nf3 c6 3.c4 Nf6 4.Nc3 e6 5.e3 Nbd7 6.Bd3 dxc4 7.Bxc4 b5 8.Bb3 Bb4
9.O-O Qe7 10.a4 Bxc3 11.bxc3 a5 12.axb5 cxb5 13.Qd3 a4 14.Qxb5 {#r} 1-0

[Event "It (open)"]
[Site "masterchessopen.com Bad Wiessee (Germany)"]
[Date "2007.11.10"]
[Round "1"]
[White "Beckers Thomas (GER)"]
[Black "Shabalov Alexander (USA)"]
[Result "0-1"]
[WhiteElo "2050"]
[BlackElo "2626"]

1.d4 Nf6 2.Nf3 d5 3.c4 e6 4.Nc3 c6 5.e3 Nbd7 6.Bd3 dxc4 7.Bxc4 b5 8.Bd3 Bd6
9.O-O O-O 10.e4 e5 11.d5 cxd5 12.Bxb5 d4 13.Bc6 Rb8 14.Bg5 h6 15.Bh4 Be7
16.Bxf6 Bxf6 17.Nd5 Nb6 18.Qd3 Be6 19.Nxf6+ Qxf6 20.Bb5 Nc8 21.Rfc1 Nd6 22.Rc5
Rxb5 {#R} 0-1

[Event "Memorial M.Chigorin (open)"]
[Site "masterchessopen.com St. Petersburg (Russia)"]
[Date "2007.12.08"]
[Round "8"]
[White "Aleksandrov Aleksej (BLR)"]
[Black "Solovjov Sergey I (RUS)"]
[Result "1-0"]
[WhiteElo "2614"]
[BlackElo "2461"]

{ Aleksandrov Aleksej (BLR) +20 =18 -4 Solovjov Sergey I (RUS) +0 =1 -0 } 1.d4
d5 2.c4 c6 3.Nc3 Nf6 4.e3 e6 5.Nf3 Nbd7 6.Bd3 dxc4 7.Bxc4 b5 8.Bd3 ( 8.Be2 Bb7
9.O-O Be7 10.a3 a5 11.Qb3 O-O 12.Bd2 Qb8 13.Rfc1 Rc8 14.h3 Bf8 15.Ng5 b4
16.axb4 axb4 17.Na4 h6 18.Nf3 c5 19.dxc5 Nxc5 20.Nxc5 Rxa1 21.Rxa1 Bxc5 22.Rc1
Ne4 23.Be1 Bd5 24.Qa4 b3 25.Bc4 Bb4 26.Qxb4 Qxb4 27.Bxb4 Rxc4 { ...1/2-1/2,
Aleksandrov Aleksej 2605 - Nielsen Peter Heine 2638 , Lugo 22. 6.2007 Ch Spain
(team) (Honor gr.1) } ) 8...Bb7 9.a3 b4 10.Ne4 c5 11.Nxf6+ gxf6 12.O-O cxd4 {
= } ( 12...Qb6 13.Qe2 Rg8 14.axb4 cxd4 15.exd4 Bd6 16.Be4 Ke7 17.Rd1 Bxe4
18.Qxe4 Qxb4 19.Nh4 Nc5 20.Qe2 Nb3 21.Nf5+ Kd7 22.Nxd6 Nxa1 23.Ne4 Rg6 24.Bd2
Qxb2 25.Qa6 Qb6 26.Qa4+ Qc6 27.Nc5+ Kc7 28.Ba5+ Kd6 29.Qxc6+ Kxc6 30.Rxa1 Kd5
31.Rd1 Rb8 32.Nd3 { ...0-1, Lugovoi Aleksei 2465 - Filipenko Alexander V 2392
, Kstovo 1994 It (open) } ) 13.Nxd4 ( 13.exd4 bxa3 14.bxa3 Bd6 { 1/2-1/2,
Lukacs Peter 2480 - Horvath Csaba 2530 , Austria 1995 Staatsliga 1994/95 } )
13...Rg8 14.e4 { -0.04 CAP } ( 14.f3 Bd6 15.Qe1 Qb8 16.Qh4 Ne5 17.Be2 Ke7
18.Bd2 bxa3 19.bxa3 a6 20.Rab1 Qa7 21.Kh1 Bxa3 22.Ba5 Rac8 23.Rfd1 Rg5 24.Qe1
Nd7 25.Ra1 Bc5 26.Nb3 Bxe3 27.Qb4+ Ke8 28.Qd6 Qb8 29.Qxd7+ Kf8 30.Qd3 Rh5
31.Bb4+ Kg7 32.Bd6 Qa7 33.Nd4 Bf2 { ...1/2-1/2, Piket Jeroen 2580 - Dreev
Alexey 2645 , Monaco 1996 Match } ) ( 14.g3 Qb6 { +0.56 CAP } ) 14...Bd6 { N }
( 14...f5 15.Qe2 Qh4 16.Rd1 a6 17.axb4 fxe4 18.Bxa6 Rxa6 19.Rxa6 Bxa6 20.b5
Bb7 21.Nc6 Bc5 22.g3 Qf6 23.Qd2 Bc8 24.b4 Bb6 25.Bb2 Qf5 26.Be5 f6 27.Bf4 Kf7
28.Qd6 Re8 29.Nb8 Rd8 30.Nc6 Re8 31.Nb8 Qxb5 32.Nxd7 Rd8 33.Be3 Rxd7 { 0-1,
Grigoryan Avetik 2404 - Nasri Amin 2227 , Yerevan 5.10.2006 Ch World (juniors)
(under 20) } ) 15.Qh5 Nc5 { ?! } ( 15...Ne5 { !? } 16.Bc2 bxa3 17.bxa3 Qd7
18.Rd1 { } ) 16.Bb5+ Ke7 17.axb4 Bxe4 18.Nc6+ Bxc6 19.Bxc6 Nb3 20.Ra6 Nxc1
21.Rxc1 Rc8 22.g3 Rc7 23.Rd1 Qc8 24.Rxd6 Rg5 25.Qe2 { } {#r} 1-0

[Event "Ch Region (w)"]
[Site "masterchessopen.com Samara (Russia)"]
[Date "2007.12.15"]
[Round "1"]
[White "Gorbatova Antonina (RUS)"]
[Black "Ulanova Maria (RUS)"]
[Result "1-0"]
[WhiteElo "1708"]
[BlackElo "1795"]

1.Nf3 e6 2.c4 d5 3.e3 Nf6 4.Nc3 Nbd7 5.d4 c6 6.Bd3 dxc4 7.Bxc4 Nd5 8.O-O N7f6
9.a3 Bd6 10.Ne2 O-O 11.Bd3 Re8 12.e4 Ne7 13.e5 Nfd5 14.exd6 Qxd6 15.Ng5 h6
16.Ne4 Qc7 17.g3 e5 18.dxe5 Qxe5 19.N2c3 Bh3 20.Re1 Qc7 21.Qh5 Qc8 22.Nd6 {#r}
1-0

[Event "Ch Germany (juniors) (club) (under 20) (g)"]
[Site "masterchessopen.com Stuttgart (Germany)"]
[Date "2007.12.28"]
[Round "3"]
[White "Bluebaum Johanna (GER)"]
[Black "Endress Anna (GER)"]
[Result "0-1"]
[WhiteElo "1909"]
[BlackElo "2045"]

1.d4 d5 2.c4 e6 3.Nc3 c6 4.e3 Nf6 5.Nf3 Nbd7 6.Bd3 dxc4 7.Bxc4 b5 8.Bd3 Bb7
9.e4 b4 10.Ne2 c5 11.Ng3 cxd4 12.Nxd4 Bc5 13.Nb3 Bb6 14.O-O O-O 15.Qe2 Ne5
16.Bc2 a5 17.Be3 Ba6 18.Rfd1 Bxe2 19.Rxd8 Bxd8 20.Nxe2 Be7 21.Rd1 Nc4 22.Bc1
e5 23.f4 a4 24.Na1 Bc5+ 25.Kh1 Ng4 {#R} 0-1

[Event "It (open) (mini)"]
[Site "masterchessopen.com Groningen (Netherlands)"]
[Date "2007.12.29"]
[Round "4"]
[White "Vink Wim (NED)"]
[Black "Tan Matthew (NED)"]
[Result "0-1"]
[WhiteElo "2084"]
[BlackElo "2307"]

1.Nf3 d5 2.d4 c6 3.e3 Nf6 4.c4 e6 5.Nc3 Nbd7 6.Bd3 dxc4 7.Bxc4 b5 8.Bd3 Bd6
9.O-O Bb7 10.e4 e5 11.dxe5 Nxe5 12.Nxe5 Bxe5 13.Qe2 b4 14.Na4 Qa5 15.Qc2 Rd8
16.Nc5 Bc8 17.Nb3 Bxh2+ 18.Kxh2 Ng4+ 19.Kg3 Qh5 20.Bf4 g5 21.Bc7 Nh2 22.Qxc6+
Bd7 {#R} 0-1

[Event "Czech League 2007/08 (2nd) (b)"]
[Site "masterchessopen.com Czech Republic"]
[Date "2008.01.13"]
[Round "6"]
[White "Wimmer Miroslav (CZE)"]
[Black "Vlasak Lukas (CZE)"]
[Result "1-0"]
[WhiteElo "2088"]
[BlackElo "2161"]

1.d4 d5 2.c4 c6 3.Nf3 Nf6 4.Nc3 e6 5.e3 Nbd7 6.Bd3 dxc4 7.Bxc4 b5 8.Bd3 Bb7
9.O-O Be7 10.e4 a6 11.e5 Nd5 12.Nxd5 cxd5 13.Be3 O-O 14.Rc1 h6 15.Qd2 f5
16.Bxh6 gxh6 17.Qxh6 Rf7 18.Qg6+ Kf8 19.Qxe6 Ke8 20.Ng5 Rg7 21.Nh7 Rxh7 {#r}
1-0

[Event "It (open)"]
[Site "masterchessopen.com Manizales (Colombia)"]
[Date "2008.01.13"]
[Round "7"]
[White "Castano Julian Marcelo (COL)"]
[Black "Hurtado Oldridge Felipe (ESP)"]
[Result "1-0"]
[WhiteElo "2075"]
[BlackElo "2096"]

1.d4 c6 2.c4 d5 3.Nc3 Nf6 4.Nf3 e6 5.e3 Nbd7 6.Bd3 dxc4 7.Bxc4 b5 8.Bd3 Bd6
9.O-O O-O 10.e4 e5 11.Bg5 h6 12.Bh4 Re8 13.d5 cxd5 14.Nxd5 a6 15.Rc1 Bb7
16.Nxf6+ Nxf6 17.Qe2 Bf8 18.Rfd1 Qb6 19.Nd2 Nd7 20.Nf1 Nc5 21.Bb1 Qg6 22.f3
Ne6 23.Bg3 Nd4 24.Qe1 Qg5 25.Ne3 Rac8 26.Kh1 Bd6 27.Nc2 Bb8 {#r} 1-0

[Event "It (open)"]
[Site "masterchessopen.com Manizales (Colombia)"]
[Date "2008.01.13"]
[Round "6"]
[White "Castano Julian Marcelo (COL)"]
[Black "Zuluaga Gustavo"]
[Result "1-0"]
[WhiteElo "2075"]
[BlackElo "1620"]

1.d4 Nf6 2.c4 e6 3.Nf3 d5 4.Nc3 c6 5.e3 Nbd7 6.Bd3 dxc4 7.Bxc4 Bb4 8.Qb3 Qa5
9.Bd2 Nd5 10.a3 N5b6 11.Bd3 Nd5 12.Bc4 N7b6 13.Bd3 Nxc3 14.bxc3 Be7 15.c4 Qh5
16.O-O O-O 17.e4 f6 18.c5 Nd7 19.Qxe6+ Qf7 20.Bc4 Qxe6 21.Bxe6+ Kh8 22.Rab1 b5
23.Rfe1 Ne5 24.Nxe5 fxe5 25.Bxc8 exd4 26.Bb7 Rab8 27.Bxc6 {#r} 1-0

[Event "Memorial Jose Marca (open)"]
[Site "masterchessopen.com Lima (Peru)"]
[Date "2008.01.21"]
[Round "8"]
[White "Alzola Enrique (PER)"]
[Black "Suasnabar Jesus (PER)"]
[Result "1-0"]
[WhiteElo "2049"]
[BlackElo "2056"]

1.d4 d5 2.c4 e6 3.Nc3 Nf6 4.Nf3 c6 5.e3 Nbd7 6.Bd3 dxc4 7.Bxc4 b5 8.Bd3 Bd6
9.O-O O-O 10.b3 a6 11.Ne4 Be7 12.Bb2 Bb7 13.Rc1 Rc8 14.Qe2 c5 15.Nxf6+ Nxf6
16.Rfd1 Nd5 17.Bb1 cxd4 18.Nxd4 Qa5 19.Qh5 g6 20.Qh6 Bf6 21.Rxc8 Rxc8 22.h4
Nc3 23.Nxe6 fxe6 24.Rd7 Ne2+ 25.Kf1 Ng3+ 26.fxg3 Rc1+ 27.Bxc1 {#r} 1-0

[Event "Tournament (open) \"]
[Site "masterchessopen.com Uljanovsk (Russia)"]
[Date "2008.02.05"]
[Round "8"]
[White "Pushin Vladimir (RUS)"]
[Black "Rudnev Yuri (RUS)"]
[Result "1-0"]
[WhiteElo "2314"]
[BlackElo "2183"]

1.c4 c6 2.Nc3 d5 3.d4 Nf6 4.Nf3 e6 5.e3 Nbd7 6.Bd3 dxc4 7.Bxc4 b5 8.Be2 Bb7
9.O-O a6 10.e4 c5 11.d5 exd5 12.e5 Ng4 13.e6 fxe6 14.Ng5 Ngf6 15.Nxe6 Qb6
16.Re1 Kf7 17.Nf4 d4 18.Qb3+ {#r} 1-0